| 000 | 01129nam a22002777a 4500 | ||
|---|---|---|---|
| 003 | OSt | ||
| 005 | 20251020192210.0 | ||
| 008 | 240202b ||||| |||| 00| 0 eng d | ||
| 040 | _c0 | ||
| 082 | _aDPer 621.317 Ie21 January 2022 v. 37 n. 1 | ||
| 100 |
_aLi, Ting. _eauthor. _951304 |
||
| 245 |
_aOnline conditioning monitoring of DC-link capacitor for AC/DC/AC PWM converter / _cTing Li, Jie Chen, Peicheng Cong, Xiaoteng Dai, Ruichang Qiu, and Zhigang Liu. |
||
| 260 |
_aNew York ; _bThe Institute of Electrical and Electronics Engineers, Inc. , _cJanuary 2022. |
||
| 300 |
_aVolume 37, pages 865-878 : _billustration ; _c28 cm. |
||
| 500 | _aIEEE Transactions on Power Electronics, v. 37 n 1, pages 865-878, January 2022. | ||
| 650 | 0 |
_aAC–AC converters. _965896 |
|
| 650 | 0 |
_a Capacitors. _965717 |
|
| 650 | 0 |
_aInverters. _965756 |
|
| 700 |
_aLi, Ting. _eauthor. _951304 |
||
| 700 |
_aChen, Jie. _eauthor. _951305 |
||
| 700 |
_aCong, Peicheng. _eauthor. _951306 |
||
| 700 |
_aDai, Xiaoteng. _eauthor. _951307 |
||
| 700 |
_aQiu, Ruichang. _eauthor. _951308 |
||
| 700 |
_aLiu, Zhigang. _eauthor. _951309 |
||
| 942 |
_2ddc _cPER |
||
| 999 |
_c18899 _d18899 |
||